|
|
|
|
| LEADER |
00942pam a22002658a 4500 |
| 001 |
00022105 |
| 005 |
20171026081025.0 |
| 008 |
110527s1985 ||||||Viesd |
| 041 |
0 |
# |
|a Vie
|
| 082 |
1 |
# |
|a 889
|b T550D
|
| 100 |
0 |
# |
|a Nikôx, Kazanzaki
|
| 245 |
0 |
0 |
|a Tự do hay là chết
|b Tiểu thuyết - Hai tập
|c Kazanzaki Nikôx; Hoàng Nguyên Kỳ
|n T.2
|
| 260 |
# |
# |
|a H.
|b Văn Học
|c 1985
|
| 300 |
# |
# |
|a 383 tr.
|c 19 cm.
|
| 490 |
0 |
# |
|a Văn học hiện đại nước ngoài - Văn học Hy Lạp
|
| 650 |
|
|
|a Hy Lạp
|
| 650 |
|
|
|a Văn học hiện đại
|
| 653 |
# |
# |
|a Tiểu thuyết
|
| 700 |
0 |
# |
|a Hoàng Nguyên Kỳ
|e Dịch và giới thiệu
|
| 852 |
# |
# |
|b Kho mượn
|j KM.0010244
|
| 852 |
# |
# |
|b Kho đọc
|j KD.0007464
|
| 852 |
# |
# |
|j KD.0007464
|j KM.0010244
|
| 910 |
# |
# |
|a kìm
|d 27/05/2011
|
| 980 |
# |
# |
|a Trung tâm Học liệu Lê Vũ Hùng, Trường Đại học Đồng Tháp
|